Pierre Garnier - Pas une larme [paroles] - Statistiques

Statistiques générales
  • Ce quiz a été pris 62 fois
  • Le résultat moyen est 91 sur 111
Statistiques - réponses
Réponse % Correct
et
100%
la
100%
larme
97%
ne
97%
pas
97%
un
97%
à
93%
en
93%
je
93%
ta
93%
ton
93%
tu
93%
une
93%
verserai
93%
cœur
90%
de
90%
est
90%
honneur
90%
le
90%
mais
90%
mon
90%
peau
90%
que
90%
route
90%
se
90%
taille
90%
va
90%
comme
86%
contre
86%
donc
86%
j’ai
86%
qu’à
86%
quand
86%
vas-y
86%
bonne
83%
car
83%
c’est
83%
corps
83%
étoile
83%
gars
83%
haine
83%
j’aime
83%
mienne
83%
moi
83%
moi ?
83%
n’ai
83%
oh
83%
on
83%
par
83%
puis
83%
sentir
83%
sert
83%
apparemment
79%
au
79%
bas
79%
beau
79%
cette
79%
combler
79%
d’aimer
79%
dans
79%
déchirer
79%
désolé
79%
donner
79%
fois
79%
haut
79%
histoire
79%
j’suis
79%
laisser
79%
mes
79%
noir
79%
pars
79%
partie
79%
peines
79%
photo
79%
plus
79%
possible
79%
pour
79%
première
79%
qu’en
79%
recommencer
79%
rien
79%
sans
79%
ses
79%
tes
79%
toujours
79%
tout
79%
vrai
79%
bras
76%
compris
76%
d’amour
76%
début
76%
pareil
76%
passeras
76%
s’aimer
76%
si
76%
soirées
76%
t’en
76%
vérité
76%
croire
72%
encore
72%
envie
72%
est-il
72%
fais
72%
fini
72%
foirer
72%
l’amour
72%
n’existe
72%
qu'est-ce
72%
s’emballe
72%
d’y
69%
mmh
24%
Aucun quiz correspondant
Distribution des résultats
% des personnes avec chaque résultat
Percentile par nombre de réponses
Votre historique - résultats
Vous n’avez pas pris ce quiz